| 000 | 00699nam a22002177a 4500 | ||
|---|---|---|---|
| 003 | 0 | ||
| 005 | 20251028131407.0 | ||
| 008 | 251028b xxu||||| |||| 00| 0 eng d | ||
| 020 | _a978-1-98469-560-4 | ||
| 050 |
_aG 155.A1 _b.P75 2025 |
||
| 100 |
_aPrice, Graham, _eauthor. |
||
| 245 |
_aAdventure tourism : _bextreme sports / _cGraham Price. |
||
| 260 |
_aNew York, NY : _b3G E-Learning LLC, _c2025. |
||
| 300 |
_axviii, 265 pages : _bcolored illustrations ; _c26 cm. |
||
| 504 | _aIncludes bibliographical references and index. | ||
| 650 | _aAdventure tourism. | ||
| 650 |
_aExtreme sports _xEconomic aspects. |
||
| 650 | _aSports tourism. | ||
| 650 |
_aTourism _xManagement. |
||
| 942 |
_2lcc _cBK |
||
| 999 |
_c368381 _d368381 |
||